000 00857nam a2200229 i 4500
001 59060
003 ES-MaACL
005 20230906163943.0
007 t|
008 031027s1958 sp ||||1| spa d
100 1 _aEdlbacher, S.
_946643
245 1 0 _aTratado de química fisiológica /
_cS. Edlbacher, F. Leuthardt ; traducción del alemán por L. y F. Fernández Sánchez, J. Moreno Calvo y A. Yusta Almarza ; prólogo de Angel Santos Ruiz.
260 _aMadrid :
_bAguilar,
_c1958 (
_eBilbao :
_fGrijelmo)
300 _aXX, 883 p. :
_bil. ;
_c24 cm.
700 1 _aLeuthardt, F.
_971903
700 1 _aFernández Sánchez, L.
_950070
700 1 _aFernández Sánchez, F.
_950065
700 0 _aMoreno Calvo, José.
_983338
700 0 _aYusta Almarza, Albino.
_9117753
700 1 _aSantos Ruiz, Angel.
_9103531
852 _aES-MaACL
_jA-4129
_bR.41604
999 _c59060
_d59060